ბათუმის შოთა რუსთაველის სახელმწიფო უნივერსიტეტის ბიბლიოთეკა

Designing Your Perfect House: Lessons from an Architect / (ბიბ.ჩანაწერი № 56474)

000 -LEADER
fixed length control field 00731nam a2200253Ia 4500
001 - CONTROL NUMBER
control field 23587
003 - CONTROL NUMBER IDENTIFIER
control field GE_BSU
005 - DATE AND TIME OF LATEST TRANSACTION
control field 20221108161959.0
008 - FIXED-LENGTH DATA ELEMENTS--GENERAL INFORMATION
fixed length control field 181216s2017||||en |||||||||||||| ||eng||
020 ## - INTERNATIONAL STANDARD BOOK NUMBER
International Standard Book Number 9780979882005x
040 ## - CATALOGING SOURCE
Transcribing agency GE_BSU
041 ## - LANGUAGE CODE
Language code of text/sound track or separate title eng
080 ## - UNIVERSAL DECIMAL CLASSIFICATION NUMBER
Universal Decimal Classification number 745/749 H-68
100 ## - MAIN ENTRY--PERSONAL NAME
Personal name Hirsch,
9 (RLIN) 4562
245 ## - TITLE STATEMENT
Title Designing Your Perfect House: Lessons from an Architect /
Statement of responsibility, etc. Jr. Hirsch ; J. William.
260 ## - PUBLICATION, DISTRIBUTION, ETC.
Name of publisher, distributor, etc. Second edition
264 ## - PRODUCTION, PUBLICATION, DISTRIBUTION, MANUFACTURE, AND COPYRIGHT NOTICE
Place of production, publication, distribution, manufacture Louisville :
Name of producer, publisher, distributor, manufacturer Dalsimer Press
Date of production, publication, distribution, manufacture, or copyright notice 2017.
300 ## - PHYSICAL DESCRIPTION
Extent 266 p.:
Other physical details ill :
Dimensions 24 cm.
653 ## - INDEX TERM--UNCONTROLLED
keyword Designing Your Perfect House: Lessons from an Architect
653 ## - INDEX TERM--UNCONTROLLED
keyword Дизайн
653 ## - INDEX TERM--UNCONTROLLED
keyword დიზაინი
700 ## - ADDED ENTRY--PERSONAL NAME
Personal name William J
9 (RLIN) 4563
942 ## - ADDED ENTRY ELEMENTS (KOHA)
Koha item type წიგნი
Source of classification or shelving scheme
ეგზემპლარები
Withdrawn status Lost status Source of classification or shelving scheme Damaged status Not for loan Permanent Location Current Location Shelving location Date acquired Cost, normal purchase price Full call number Barcode Date last seen Copy number Price effective from Koha item type Public note
          ბათუმის შოთა რუსთაველის სახელმწიფო უნივერსიტეტის მთავარი ბიბლიოთეკა ტექნოლოგიური ფაკულტეტის ბიბლიოთეკა წიგნსაცავი 2018-12-17 100.00 745/749 H-68 58766 2018-12-17 58766 2018-12-17 წიგნი 100.00